LEADER 01241nam a2200253 i 4500 001 000000080131 003 CaOOAMICUS 005 20171009000000.0 008 171009s1818 it u000 u ita u 013 $a52369 026 $a3.1. n-ai u-ia dane (3) 1818 (R) 040 $aSeMil$bita 245 13$aLa congiura de' baroni del Regno di Napoli contra il re Ferdinando 1. raccolta da Camillo Porzio. 260 $aPisa :$bPresso Niccolò Capurro,$c1818. 300 $a[4], VIII, 220 p. ;$c8°. 490 0 $aCollezione di ottimi scrittori italiani in supplemento ai classici milanesi ;$v4 700 1 $aPorzio, Camillo.$0(OLS)http://semarc/name/91336 700 1 $aCapurro, Niccolò,$c.$0(OLS)http://semarc/name/2940 830 0$aCollezione di ottimi scrittori italiani in supplemento ai classici milanesi ;$v4.$0(OLS)http://semarc/title/400769 850 $aSeMil 852 $aSeMil$W1$xVenegono$y1$m1C VI 27 FA$j45700$B45700$CSeMilBibl$Z2$F47728 $8I 961 $aRecupero: Galli Emilio, prof. 996 $6245$aLa congiura de' baroni del Regno di Napoli contra il re Ferdinando 1. raccolta da Camillo Porzio$9(OLS)http://semarc/title/403762 996 $6260$aPisa :$bPresso Niccolò Capurro$9(OLS)http://semarc/publisher/56480 LEADER 01185nam a2200289 i 4500 001 000000101060 003 CaOOAMICUS 005 20140321000000.0 008 140321s2007 it u000 u ita u 013 $a73212 020 $a978-88-215-5509-1 040 $aSeMil$bita 100 1 $aBarsotti, Divo,$c.$0(OLS)http://semarc/name/15111 245 13$aLa preghiera :$blavoro del cristiano /$cDivo Barsotti. 250 $a2. ed. 260 $aCinisello Balsamo :$bSan Paolo,$c2007. 300 $a138 p. ;$c21 cm. 490 0 $aDivo Barsotti. Azione e vita ;$v5 650 4$aPreghiera - Studi.$0(OLS)http://semarc/subject/4248 650 4$aPreghiera cristiana.$0(OLS)http://semarc/subject/18005 830 0$aAzione e vita ;$v5.$0(OLS)http://semarc/title/24162 850 $aSeMil 852 $aSeMil$W1$xVenegono$y1$m2C III 349$j58023$B58023$CSeMilBibl$Z2$F68571 $81 961 $aAcquisto: LI.CO.SA 996 $6020$a978-88-215-5509-1$9(OLS)http://semarc/number/80900 996 $6245$aLa preghiera :$blavoro del cristiano$9(OLS)http://semarc/title/148097 996 $6260$aCinisello Balsamo :$bSan Paolo$9(OLS)http://semarc/publisher/30129